<?xml version="1.0" encoding="UTF-8"?>
<record
    xmlns:xsi="http://www.w3.org/2001/XMLSchema-instance"
    xsi:schemaLocation="http://www.loc.gov/MARC21/slim http://www.loc.gov/standards/marcxml/schema/MARC21slim.xsd"
    xmlns="http://www.loc.gov/MARC21/slim">

  <leader>01225nam a22002657a 4500</leader>
  <controlfield tag="005">20240530110405.0</controlfield>
  <controlfield tag="008">150201s2012    ua d   g      000 0 ara d</controlfield>
  <datafield tag="017" ind1=" " ind2=" ">
    <subfield code="a">2011/21178</subfield>
    <subfield code="b">&#x645;&#x635;&#x631; . &#x62F;&#x627;&#x631; &#x627;&#x644;&#x643;&#x62A;&#x628; &#x627;&#x644;&#x645;&#x635;&#x631;&#x64A;&#x629;</subfield>
  </datafield>
  <datafield tag="020" ind1=" " ind2=" ">
    <subfield code="a">9789774382653</subfield>
  </datafield>
  <datafield tag="040" ind1=" " ind2=" ">
    <subfield code="a">EG-CaGPL</subfield>
  </datafield>
  <datafield tag="041" ind1="0" ind2=" ">
    <subfield code="a">ara</subfield>
  </datafield>
  <datafield tag="082" ind1="0" ind2="4">
    <subfield code="2">21</subfield>
    <subfield code="a">371.27\</subfield>
    <subfield code="b">&#x644; &#x63A;</subfield>
  </datafield>
  <datafield tag="100" ind1="0" ind2=" ">
    <subfield code="a">&#x644;&#x648;&#x631;&#x646;&#x633; &#x628;&#x633;&#x637;&#x627; &#x632;&#x643;&#x631;&#x649;</subfield>
  </datafield>
  <datafield tag="245" ind1="1" ind2="2">
    <subfield code="a">&#x627;&#x644;&#x63A;&#x634; &#x641;&#x649; &#x627;&#x644;&#x627;&#x645;&#x62A;&#x62D;&#x627;&#x646;&#x627;&#x62A; : </subfield>
    <subfield code="b">&#x627;&#x633;&#x628;&#x627;&#x628;&#x647; : &#x646;&#x62A;&#x627;&#x626;&#x62C;&#x647; : &#x645;&#x642;&#x62A;&#x631;&#x62D;&#x627; &#x62A; &#x644;&#x644;&#x62D;&#x62F; &#x645;&#x646;&#x647; /</subfield>
    <subfield code="c">&#x627;&#x639;&#x62F;&#x627;&#x62F; &#x644;&#x648;&#x631;&#x646;&#x633; &#x628;&#x633;&#x637;&#x627; &#x632;&#x643;&#x631;&#x649; &#x60C; &#x627;&#x639;&#x62A;&#x62F;&#x627;&#x644; &#x628;&#x646;&#x62A; &#x639;&#x628;&#x62F;&#x627;&#x644;&#x631;&#x62D;&#x645;&#x646; &#x62D;&#x62C;&#x627;&#x632;&#x649;</subfield>
  </datafield>
  <datafield tag="260" ind1=" " ind2=" ">
    <subfield code="a">&#x627;&#x644;&#x627;&#x633;&#x643;&#x646;&#x62F;&#x631;&#x64A;&#x629; : </subfield>
    <subfield code="b">&#x627;&#x644;&#x645;&#x643;&#x62A;&#x628; &#x627;&#x644;&#x62C;&#x627;&#x645;&#x639;&#x649; &#x627;&#x644;&#x62D;&#x62F;&#x64A;&#x62B; &#x60C;</subfield>
    <subfield code="c">2012</subfield>
  </datafield>
  <datafield tag="300" ind1=" " ind2=" ">
    <subfield code="a">188 &#x635; &#x61B;</subfield>
    <subfield code="c">24 &#x633;&#x645;</subfield>
  </datafield>
  <datafield tag="490" ind1="0" ind2=" ">
    <subfield code="a">&#x633;&#x644;&#x633;&#x644;&#x629; &#x627;&#x644;&#x62F;&#x631;&#x627;&#x633;&#x627;&#x62A; : &#x627;&#x644;&#x645;&#x634;&#x643;&#x644;&#x627;&#x62A; &#x627;&#x644;&#x633;&#x644;&#x648;&#x643;&#x64A;&#x629; &#x641;&#x649; &#x627;&#x644;&#x645;&#x624;&#x633;&#x633;&#x627;&#x62A; &#x627;&#x644;&#x62A;&#x631;&#x628;&#x648;&#x64A;&#x629;</subfield>
  </datafield>
  <datafield tag="504" ind1=" " ind2=" ">
    <subfield code="a">&#x628;&#x628;&#x644;&#x64A;&#x648;&#x62C;&#x631;&#x627;&#x641;&#x64A;&#x629; : &#x635; 183 - 188</subfield>
  </datafield>
  <datafield tag="650" ind1="0" ind2="4">
    <subfield code="a">&#x627;&#x644;&#x627;&#x645;&#x62A;&#x62D;&#x627;&#x646;&#x627;&#x62A;</subfield>
    <subfield code="x">&#x627;&#x644;&#x63A;&#x634; &#x641;&#x649;</subfield>
  </datafield>
  <datafield tag="650" ind1="0" ind2="4">
    <subfield code="a">&#x627;&#x644;&#x627;&#x645;&#x62A;&#x62D;&#x627;&#x646;&#x627;&#x62A;</subfield>
    <subfield code="x">&#x627;&#x644;&#x63A;&#x634; &#x641;&#x649;</subfield>
    <subfield code="x">&#x627;&#x644;&#x62A;&#x639;&#x644;&#x64A;&#x645; &#x627;&#x644;&#x62B;&#x627;&#x646;&#x648;&#x649;</subfield>
  </datafield>
  <datafield tag="650" ind1="0" ind2="4">
    <subfield code="a">&#x627;&#x644;&#x627;&#x645;&#x62A;&#x62D;&#x627;&#x646;&#x627;&#x62A;</subfield>
    <subfield code="x">&#x627;&#x644;&#x63A;&#x634; &#x641;&#x649;</subfield>
    <subfield code="x">&#x627;&#x633;&#x628;&#x627;&#x628;</subfield>
  </datafield>
  <datafield tag="700" ind1="0" ind2=" ">
    <subfield code="a">&#x627;&#x639;&#x62A;&#x62F;&#x627;&#x644; &#x628;&#x646;&#x62A; &#x639;&#x628;&#x62F;&#x627;&#x644;&#x631;&#x62D;&#x645;&#x646; &#x62D;&#x62C;&#x627;&#x632;&#x649;</subfield>
    <subfield code="e">&#x645;&#x639;&#x62F;</subfield>
  </datafield>
  <datafield tag="942" ind1=" " ind2=" ">
    <subfield code="2">ddc</subfield>
    <subfield code="c">BK</subfield>
  </datafield>
  <datafield tag="999" ind1=" " ind2=" ">
    <subfield code="c">60341</subfield>
    <subfield code="d">60341</subfield>
  </datafield>
  <datafield tag="952" ind1=" " ind2=" ">
    <subfield code="0">0</subfield>
    <subfield code="1">0</subfield>
    <subfield code="4">0</subfield>
    <subfield code="7">0</subfield>
    <subfield code="a">CAI</subfield>
    <subfield code="b">CAI</subfield>
    <subfield code="d">2015-02-01</subfield>
    <subfield code="l">0</subfield>
    <subfield code="o">371.27\ &#x644; &#x63A;</subfield>
    <subfield code="p">159368</subfield>
    <subfield code="r">2015-02-01 00:00:00</subfield>
    <subfield code="w">2015-02-01</subfield>
    <subfield code="y">BK</subfield>
  </datafield>
</record>
